Obras políticas. tomo 2 /
Guardado en:
| Autor Principal: | |
|---|---|
| Formato: | Libro |
| Publicado: |
Madrid :
Hernando,
1895
|
| Materias: | |
| Etiquetas: |
Agregar Etiqueta
Sin Etiquetas, Sea el primero en etiquetar este registro!
|
| LEADER | 00455nam a22001695a 4500 | ||
|---|---|---|---|
| 001 | CEM.cems004136 | ||
| 005 | 20060216000000.0 | ||
| 008 | 130507s1895##################000#0#####d | ||
| 003 | CEMS | ||
| 082 | 0 | 4 | |a 854.3 |
| 100 | 1 | |a Maquiavelo, Nicolás | |
| 245 | 1 | 0 | |a Obras políticas. tomo 2 / |
| 260 | |a Madrid : |b Hernando, |c 1895 | ||
| 300 | |a 358 p. | ||
| 653 | |a Ensayo italiano | ||
| 653 | |a Literatura | ||
| 859 | |a CEMS |b BIB. CEMS - 11 de abril |h 854.3 |i M322/II |p 9298.81 |t Ej.1 | ||
